Pourcentage des femmes dans les prisons - Statistiques

Statistiques générales
  • Ce quiz a été pris 298 fois
  • Le résultat moyen est 5 sur 20
Statistiques - réponses
Pourcentage de femmes dans les prisons Pays % Correct
9,8 % États-Unis
96%
8,4 % Japon
54%
13,3 % Thaïlande
33%
10,1 % Viêt Nam
31%
8,6 % Chili
27%
8,9 % Philippines
26%
11,7 % Émirats arabes unis
25%
18,3 % Laos
25%
14,7 % Qatar
24%
10,5 % Singapour
20%
12,3 % Myanmar
19%
8,7 % Taïwan
19%
13,8 % Koweit
18%
9,9 % Salvador
17%
21,5 % Andorre
16%
10,7 % Monaco
16%
10,3 % Guatemala
14%
12,5 % Liechtenstein
11%
10,9 % Soudan du Sud
6%
8,2 % Moldavie
5%
Aucun quiz correspondant
Distribution des résultats
% des personnes avec chaque résultat
Percentile par nombre de réponses
Votre historique - résultats
Vous n’avez pas pris ce quiz